Beatles Quiz (EXTREME) - Statistics

General Stats
  • This quiz has been taken 15 times
    10 since last reset
  • The average score is 49 of 100
Answer Stats
Hint Answer % Correct
What is the only album cover without any text on it? (whether it be the name of the band or name of the album) Abbey Road
100%
What is the closing track on Sgt. Pepper's Lonely Hearts Club Band? A Day In The Life
88%
What is the closing track on Abbey Road? Her Majesty
88%
What is the only Beatles album to open with a George song? Revolver
88%
Who was the original bassist for the band? (1960-1961) Stuart Sutcliffe
88%
And what song was that? Taxman
88%
How many new Beatles songs feature on Yellow Submarine? 4
75%
Finish the lyric: "Now we know how many holes it takes to fill the _____ ___" Albert Hall
75%
What is the closing track on Magical Mystery Tour? All You Need Is Love
75%
What is the closing track on Help!? Dizzy Miss Lizzy
75%
Who did John Lennon jokingly suggest to replace George Harrison with after he left the band in January 1969? Eric Clapton
75%
What is the closing track on Beatles For Sale? Everybody's Trying to Be My Baby
75%
Side 2 of the album features the film's score arranged by who? George Martin
75%
Write the Beatles in order of youngest to oldest George, Paul, John, Ringo
75%
What is the closing track on Let It Be? Get Back
75%
What is the closing track on The Beatles? Good Night
75%
What song does Ringo sing lead vocals on on Beatles For Sale? Honey Don't
75%
Who were the only two Beatles to play on The Ballad of John and Yoko? John, Paul
75%
What is the order of the band on the Let It Be album cover? (clockwise) John, Paul, George, Ringo
75%
What is the closing track on With The Beatles? Money (That's What I Want)
75%
In which country were The Beatles heckled and manhandled during their world tour in 1966 due to angering the royal family? Philippines
75%
What is the closing track on Rubber Soul? Run For Your Life
75%
What is the closing track on Revolver? Tomorrow Never Knows
75%
What is the closing track on Please Please Me? Twist and Shout
75%
Which album is the only Beatles album to feature solely Lennon-McCartney compositions? A Hard Day's Night
63%
What is the closing track on the A-side of Yellow Submarine? All You Need Is Love
63%
Which American record label released most of the Beatles' US albums? Capitol
63%
What was the original recording company that signed the Beatles? EMI
63%
What is the closing track on A Hard Day's Night? I'll Be Back
63%
What was the first song the Beatles appeared on? My Bonnie
63%
What was the first single by an ex-Beatle to reach number one? My Sweet Lord
63%
Which White Album song took over 100 takes to record but didn't end up on the final album? Not Guilty
63%
Which song, originally written around 1957-1959 and being one of the earliest Lennon-McCartney compositions, did not get released until 1970? One After 909
63%
What is the name of the album that contains all the Beatles singles? Past Masters
63%
What was the B-side to Paperback Writer? Rain
63%
Finish the John Lennon quote: "Will the people in the cheaper seats clap your hands? And the rest of you, if you'll just...." "rattle your jewellery."
63%
What is the only day of the week not mentioned in Lady Madonna? Saturday
63%
What was the first Beatles album to recieve a super deluxe anniversary edition? Sgt. Peppers Lonely Hearts Club Band
63%
Past Masters featured two Beatles songs dubbed in German: I Want To Hold Your Hand and which other song? She Loves You
63%
And who's song was that? Tony Sheridan
63%
Which Beatles song was originally titled "Scrambled Eggs"? Yesterday
63%
What is the name of the US Beatles album cover that features the infamous "Butcher cover"? Yesterday and Today
63%
What was the first Beatles song George sung lead vocals on? Chains
50%
What was the original name for Abbey Road? Everest
50%
What was the first #1 Beatles single in the UK? (1964) From Me To You
50%
What is the most successful Beatles single? I Want To Hold Your Hand
50%
What was Ringo Starr's first solo number-one single? Photograph
50%
Which Beatles song contains the lyrics: "As I write this letter, send my love to you, remember that I'll always be in love with you" P.S. I Love You
50%
Which country did the song The Ballad of John and Yoko cause controversy with? Spain
50%
What was the name of the Beatles spoof band? (they also released a mockumentary movie in 1978) The Rutles
50%
What studio did the Beatles record in at the beginning of the Get Back documentary? Twickenham
50%
What song did George Harrison write on the day he temporarily left the band in January 1969? Wah-Wah
50%
Ringo received his first songwriting credit on which Beatles song? What Goes On
50%
Help! features two George compositions: I Need You and what else? You Like Me Too Much
50%
When were The Beatles inducted into the Rock and Roll Hall of Fame? 1988
38%
Who was the session drummer who filled in for Ringo on Love Me Do? Andy White
38%
Where was the Beatles' last paid concert, performed on August 29th, 1966? Candlestick Park
38%
What is the name of the Beatles' 13 min unreleased avant-garde recording? Carnival of Light
38%
Which Beatles song contains the lyrics: "The King of Marigold was in the kitchen, cooking breakfast for the Queen." Cry Baby Cry
38%
Which Beatles song contains the lyrics: "Everywhere in town is getting dark, everyone you see is full of life, it's time for tea and meet the wife." Good Morning Good Morning
38%
What song did John write but refused to sing himself? (he later gave it to Ringo to sing) Good Night
38%
What was John Lennon's first ever song he wrote? Hello Little Girl
38%
What was Paul McCartney's first ever song he wrote? I Lost My Little Girl
38%
What was the first original song recorded by the Quarrymen? In Spite of All the Danger
38%
Which drummer temporarily replaced Ringo for the band's first world tour in 1964? Jimmie Nicol
38%
What is the order of the band on the Sgt. Peppers album cover? (left to right) John, Ringo, Paul, George
38%
Who is playing George Harrison? Joseph Quinn
38%
Who designed the Revolver album cover? Klaus Voormann
38%
What was the first Beatles single with Ringo on lead vocals? Matchbox
38%
At the end of the Rooftop Concert, who is Paul referring to when he says "Thanks Mo!" Maureen Starkey
38%
Who was the director of the Let It Be documentary/film? Michael Lindsay-Hogg
38%
Where fictional place is the movie set in? Pepperland
38%
What is the name of the supergroup that Ringo has toured with consistently since 1989? Ringo Starr & His All-Starr Band
38%
Who is the director of the new 2028 Beatles biopics? Sam Mendes
38%
What was the name of the George Harrison tribute gig in 2002 including the likes of Paul McCartney, Ringo Starr, Jeff Lynne, and Eric Clapton The Concert for George
38%
What was the list UK single released by the Beatles when they were still a band? (B-side to Let It Be) You Know My Name (Look Up The Number)
38%
Who was the Beatles' first manager? Allan Williams
25%
What format was the Magical Mystery Tour album initially released in in the UK? Double EP
25%
Who was the original engineer of Let It Be? (he was also tasked with compiling the initial version of the album) Glyn Johns
25%
To date (20/02/2026), what is the most recent studio album releaed by an ex-Beatle? Look Up
25%
Who is playing Paul McCartney? Paul Mescal
25%
What was the first live concert performed by an ex-Beatle? The Concert for Bangladesh
25%
What British supergroup was temporarily organised in December 1968 including John Lennon, Eric Clapton, Keith Richards and Mitch Mitchell? The Dirty Mac
25%
What was the first Beatles single that George sung lead vocals on, released in 1968? The Inner Light
25%
Which Beatles song contains the lyrics: "I could know the ways of heaven, the farther one travels, the less one know, the less one really know" The Inner Light
25%
What was the original working title of the Abbey Road medley? "The Long One"
25%
What was Paul McCartney's first solo number-one single? Uncle Albert Admiral Halsey
25%
Paul McCartney and Pete Best were arrested and deported from Hamburg in 1960 on suspicion of what? Arson
13%
Who is playing Ringo Starr? Barry Keoghan
13%
Who is the main antagonist of the Yellow Submarine movie? Chief Blue Meanie
13%
What was George's first experimental album, released in 1969? Electronic Sound
13%
What is the name of the sailor of the Yellow Submarine in the movie? Fred
13%
Who is playing John Lennon? Harris Dickinson
13%
What is the name of George Harrison's autobiography? I Me Mine
13%
What is the name of the friendly blue meanie in the Yellow Submarine movie? Jeremy Hillary Boob Ph.D.
13%
What was the first official Beatles remix album? Love
13%
What was the first (non-experimental/soundtrack) album releaed by an ex-Beatle after the band's breakup? Sentimental Journey
13%
What was the first double A-side single? (write it as song/song) Strawberry Fields Forever, Penny Lane
13%
What song did Paul play to get into the band? Twenty Flight Rock
13%
What was John Lennon's first solo number-one single? Whatever Gets You Thru the Night
13%
No matching quizzes found
Score Distribution
Percent of People with Each Score
Percentile by Number Answered
Your Score History
You have not taken this quiz since the last reset